| 000 | 00844nas a2200301 4500 | ||
|---|---|---|---|
| 001 | BR0800380 | ||
| 003 | BR-BrBNA | ||
| 005 | 20231205111448.0 | ||
| 007 | ta | ||
| 008 | 230509b bl.|||p| |||| 00| 00por d | ||
| 040 |
_aBR-BrBNA _bpor _cBiblioteca Nacional de Agricultura |
||
| 041 | _a(Pt) | ||
| 072 | _aJ11 | ||
| 100 | 1 | _aCampos, T.B. | |
| 100 | 1 | _aBitran, E.A. | |
| 100 | 1 | _aRezende, A.C. | |
| 100 | 1 | _aIshizaki, T. | |
| 245 | 1 | _aTestes comparativos entre lonas plásticas para expurgo | |
| 650 | _aPRODUTO ARMAZENADO | ||
| 650 | _aCEREAL | ||
| 650 | _aSACARIA | ||
| 650 | _aFOSFINA | ||
| 650 | _aINSETICIDA | ||
| 650 | _aEXPURGO | ||
| 773 | 0 |
_tArquivos do Instituto Biológico (Brazil) _xISSN 0020-3653 _g(Jan-Dec 1991), v. 58(1-2) p. 7-11 _wBR0800380 |
|
| 909 |
_a202311 _bLúcia _c55 _dLúcia Elande |
||
| 942 |
_2AGRIS _n0 _cANA |
||
| 999 |
_c192869 _d192869 |
||